[Event "XVI C.to Europeo"]
[Site "Gerusalemme ISR"]
[Date "2015.03.08"]
[Round "11"]
[White "Vocaturo, Daniele"]
[Black "Hracek, Zbynek"]
[WhiteElo "2579"]
[BlackElo "2631"]
[Result "1-0"]
[PlyCount "83"]
[EventDate "2015.02.24"]

1. d4 Nf6 2. c4 g6 3. g3 Bg7 4. Bg2 O-O 5. Nc3 c6 6. e4 d6 7. Nge2 e5 8. O-O
Re8 9. h3 Qa5 10. d5 cxd5 11. cxd5 Bd7 12. a3 Na6 13. Be3 Rec8 14. b4 Qd8 15.
Qd3 Qe8 16. Rfb1 b5 17. Nc1 Nh5 18. Nb3 f5 19. Na5 f4 20. Bd2 Nb8 21. a4 a6 22.
g4 f3 23. gxh5 fxg2 24. Nb7 Bf8 25. axb5 Ra7 26. bxa6 Nxa6 27. Qg3 Rxb7 28.
Rxa6 Bb5 29. Nxb5 Qxb5 30. Raa1 Qe2 31. Be3 Qxh5 32. b5 Bh6 33. Bxh6 Qxh6 34.
Qg4 Rc2 35. b6 Qd2 36. Qf3 Rf7 37. Ra8+ Kg7 38. Ra7 Rxa7 39. bxa7 Ra2 40. Rb7+
Kh6 41. Qf8+ Kg5 42. Qd8+ 1-0

[Event "Open A Carnevale"]
[Site "Milano ITA"]
[Date "2015.02.18"]
[Round "1"]
[White "D'Alfonso, Nicola"]
[Black "Nordio, Giorgio"]
[WhiteElo "2022"]
[BlackElo "1863"]
[Result "1-0"]
[PlyCount "83"]
[EventDate "2015.02.18"]

1. Nf3 c6 2. b3 d5 3. Bb2 Bf5 4. g3 Nf6 5. Bg2 Nbd7 6. O-O e6 7. d3 Be7 8. Nh4
Bg6 9. c4 O-O 10. e4 dxe4 11. Nxg6 hxg6 12. dxe4 Qc7 13. Qe2 Rfd8 14. e5 Ne8
15. Nd2 Nc5 16. Be4 Rd7 17. Rad1 Rad8 18. Bb1 Nd3 19. Bc3 c5 20. a3 b5 21. cxb5
c4 22. Nxc4 Nc5 23. Bc2 Qb7 24. a4 Qc8 25. Rxd7 Rxd7 26. Rd1 Bd8 27. Rxd7 Nxd7
28. h4 Qc5 29. Qd3 Bb6 30. Nxb6 Nxb6 31. Bd4 Qc7 32. a5 Nd5 33. Qd2 Qb7 34. Bd3
Nec7 35. b6 axb6 36. axb6 Nxb6 37. Qb4 Ncd5 38. Qc5 Nd7 39. Qb5 Qc7 40. Bc4
Nxe5 41. Bxd5 exd5 42. Qe8+ 1-0

[Event "Open A Carnevale"]
[Site "Milano ITA"]
[Date "2015.02.18"]
[Round "1"]
[White "Falchi, Claudio"]
[Black "Podetti, Davide"]
[WhiteElo "1852"]
[BlackElo "1976"]
[Result "0-1"]
[PlyCount "74"]
[EventDate "2015.02.18"]

1. d4 Nf6 2. Bf4 e6 3. Nf3 b6 4. e3 Be7 5. h3 Bb7 6. Bd3 c5 7. c3 d5 8. Nbd2
Nbd7 9. Ne5 O-O 10. h4 Ne4 11. Nxe4 dxe4 12. Bb5 Nxe5 13. Bxe5 Bf6 14. Qh5 Bxe5
15. Qxe5 Qe7 16. Ba4 f6 17. Qg3 cxd4 18. exd4 f5 19. Qe5 f4 20. Bb3 Rae8 21.
O-O-O Kh8 22. Qh5 f3 23. gxf3 Rxf3 24. Rhe1 Rxf2 25. Bc2 Rf4 26. Rh1 Ref8 27.
Rde1 Bd5 28. Kb1 Qf6 29. Qg5 h6 30. Qg3 Rf3 31. Qg1 e3 32. Rh2 Rf1 33. Qg3 Qf4
34. Qxf4 Rxe1+ 35. Bd1 Rxf4 36. Kc2 Rf2+ 37. Rxf2 exf2 0-1

[Event "Open A Carnevale"]
[Site "Milano ITA"]
[Date "2015.02.18"]
[Round "1"]
[White "Mazzoccoli, Simone"]
[Black "Cerioni, Armando"]
[WhiteElo "1735"]
[BlackElo "1947"]
[Result "0-1"]
[PlyCount "54"]
[EventDate "2015.02.18"]

1. e4 Nc6 2. d4 e5 3. dxe5 Nxe5 4. Nf3 Nxf3+ 5. Qxf3 Nf6 6. Bc4 d6 7. h3 Be6 8.
Bxe6 fxe6 9. Qb3 Qc8 10. Nc3 Be7 11. Be3 c6 12. O-O O-O 13. f4 Kh8 14. e5 Nd5
15. Nxd5 exd5 16. c4 dxc4 17. Qxc4 dxe5 18. fxe5 Qc7 19. Bd4 Rad8 20. Rxf8+
Rxf8 21. Rf1 Rxf1+ 22. Kxf1 Bg5 23. Qe6 h6 24. Qe8+ Kh7 25. Qf8 Qd7 26. Qd6
Qf5+ 27. Bf2 Be3 0-1

[Event "Open A Carnevale"]
[Site "Milano ITA"]
[Date "2015.02.18"]
[Round "1"]
[White "Motola, Jacopo"]
[Black "Bisignano, Giuseppe"]
[WhiteElo "2217"]
[BlackElo "1864"]
[Result "1-0"]
[PlyCount "57"]
[EventDate "2015.02.18"]

1. e4 e5 2. Nf3 Nf6 3. Nc3 Bc5 4. Nxe5 Nc6 5. Nxc6 dxc6 6. Be2 Be6 7. d3 Qd7 8.
h3 b5 9. a3 O-O 10. Bg5 Bd4 11. Qd2 Rab8 12. Be3 c5 13. Nd1 Qc6 14. Bf3 Qb6 15.
c3 Bxe3 16. fxe3 Rfd8 17. Nf2 Nd7 18. Bg4 Ne5 19. Bxe6 Qxe6 20. Qe2 Rb6 21. O-O
Qg6 22. d4 cxd4 23. exd4 Nc4 24. Nd3 Re8 25. Rae1 Qg5 26. e5 f6 27. b3 Nd2 28.
Rf2 Nxb3 29. Qa2 1-0

[Event "Open A Carnevale"]
[Site "Milano ITA"]
[Date "2015.02.18"]
[Round "1"]
[White "Nepi, Ezio"]
[Black "Dimitrov, Gabriel Demetrio"]
[WhiteElo "1951"]
[BlackElo "1800"]
[Result "1/2-1/2"]
[PlyCount "94"]
[EventDate "2015.02.18"]

1. d4 d5 2. c4 e6 3. Nf3 c6 4. Qc2 Nf6 5. g3 Nbd7 6. Bg2 Bd6 7. O-O O-O 8. Nbd2
Re8 9. b3 Qe7 10. Bb2 c5 11. e4 dxe4 12. Nxe4 Nxe4 13. Qxe4 Nf6 14. Qc2 cxd4
15. Nxd4 a6 16. Rfe1 Qc7 17. Rad1 h6 18. Nf3 Bd7 19. Ne5 Bb4 20. Re2 Rad8 21.
a3 Be7 22. Red2 Bc8 23. b4 Rxd2 24. Rxd2 Rd8 25. c5 a5 26. Nc4 axb4 27. axb4
Nd5 28. Bxd5 exd5 29. Be5 Qc6 30. Nd6 Bxd6 31. Bxd6 Re8 32. f3 d4 33. Re2 Bd7
34. Qd3 Rxe2 35. Qxe2 Qd5 36. Kf2 d3 37. Qd1 Qd4+ 38. Kg2 Qb2+ 39. Kf1 Bh3+ 40.
Ke1 Qd4 41. Kd2 Bf5 42. Qe1 Qxb4+ 43. Kd1 Qb1+ 44. Kd2 Qc2+ 45. Ke3 Qc4 46. Kd2
Qb4+ 47. Kd1 Qb1+ 1/2-1/2

[Event "Open A Carnevale"]
[Site "Milano ITA"]
[Date "2015.02.18"]
[Round "1"]
[White "Stergiou, Georgios"]
[Black "Pelizzola, Danilo"]
[WhiteElo "1864"]
[BlackElo "2053"]
[Result "1/2-1/2"]
[PlyCount "71"]
[EventDate "2015.02.18"]

1. e4 e5 2. Nf3 Nc6 3. d4 exd4 4. Nxd4 Nf6 5. Nxc6 bxc6 6. Bd3 d5 7. e5 Ng4 8.
O-O Bc5 9. Bf4 g5 10. Bg3 h5 11. h3 h4 12. Bh2 Nxh2 13. Kxh2 g4 14. hxg4 Qg5
15. f4 Qxg4 16. Qxg4 Bxg4 17. Nd2 Rb8 18. Nb3 Be7 19. c4 Rb4 20. cxd5 cxd5 21.
Rac1 Kd7 22. Rf2 Rh6 23. Nc5+ Bxc5 24. Rxc5 c6 25. Ra5 Rb7 26. b3 f6 27. exf6
Rxf6 28. g3 hxg3+ 29. Kxg3 Be6 30. f5 Bg8 31. Kf4 Kd6 32. Rg2 Bh7 33. Ra4 Rff7
34. Rh2 Kc5 35. Rc2+ Kd6 36. Rh2 1/2-1/2

[Event "Open A Carnevale"]
[Site "Milano ITA"]
[Date "2015.02.19"]
[Round "2"]
[White "Bisignano, Giuseppe"]
[Black "Falchi, Claudio"]
[WhiteElo "1864"]
[BlackElo "1852"]
[Result "0-1"]
[PlyCount "75"]
[EventDate "2015.02.18"]

1. e4 e6 2. d4 d5 3. e5 c5 4. c3 Qb6 5. Na3 cxd4 6. Qxd4 Bc5 7. Qh4 Bxa3 8.
bxa3 Qc7 9. Qd4 Ne7 10. Nf3 Nbc6 11. Bb5 Bd7 12. Bxc6 Bxc6 13. O-O Nf5 14. Qb4
Rd8 15. Re1 h6 16. g4 d4 17. Nxd4 Nxd4 18. cxd4 Qd7 19. Be3 Qd5 20. Kf1 Bb5+
21. Kg1 Bc6 22. Kf1 Qf3 23. Rac1 Qxg4 24. d5 Qh3+ 25. Ke2 Bxd5 26. Rg1 Bf3+ 27.
Ke1 Qxh2 28. Qb5+ Bc6 29. Qf1 Qxe5 30. Qc4 h5 31. Rg5 f5 32. Qe2 h4 33. Rc5 Qf6
34. Rgxf5 Qg6 35. Bg5 h3 36. Rf6 gxf6 37. Qxe6+ Kf8 38. Rf5 $138 0-1

[Event "Open A Carnevale"]
[Site "Milano ITA"]
[Date "2015.02.19"]
[Round "2"]
[White "Cerioni, Armando"]
[Black "Nepi, Ezio"]
[WhiteElo "1947"]
[BlackElo "1951"]
[Result "1-0"]
[PlyCount "63"]
[EventDate "2015.02.18"]

1. e4 c5 2. Nf3 d6 3. d4 cxd4 4. Nxd4 Nf6 5. Nc3 Nc6 6. Be2 e5 7. Nxc6 bxc6 8.
Qd3 Be7 9. O-O O-O 10. Bg5 Qc7 11. Rad1 Rd8 12. Qg3 Rb8 13. b3 Be6 14. f4 Rb4
15. fxe5 Nxe4 16. Nxe4 Rxe4 17. Bxe7 Qxe7 18. exd6 Qb7 19. Bf3 Qb6+ 20. Qf2 Rb4
21. c4 Qxf2+ 22. Rxf2 c5 23. Re2 a5 24. Re5 a4 25. Rxc5 axb3 26. axb3 Rxb3 27.
Rc7 Rc3 28. c5 Bd7 29. Bd5 Kf8 30. Rf1 f6 31. Ra1 Rd3 32. Rxd7 1-0

[Event "Open A Carnevale"]
[Site "Milano ITA"]
[Date "2015.02.19"]
[Round "2"]
[White "Dimitrov, Gabriel Demetrio"]
[Black "Stergiou, Georgios"]
[WhiteElo "1800"]
[BlackElo "1864"]
[Result "1/2-1/2"]
[PlyCount "93"]
[EventDate "2015.02.18"]

1. e4 Nf6 2. e5 Nd5 3. d4 d6 4. c4 Nb6 5. exd6 cxd6 6. Nc3 g6 7. Be3 Bg7 8. Nf3
O-O 9. h3 N6d7 10. d5 Nf6 11. Nd4 a5 12. Be2 Na6 13. b3 Bd7 14. O-O Nc5 15. Qc2
Qc8 16. Rac1 Ne8 17. Qd2 f5 18. Bh6 Nf6 19. Bxg7 Kxg7 20. Bf3 h6 21. Rfe1 Rf7
22. a3 a4 23. b4 Nb3 24. Nxb3 axb3 25. Qd4 Rxa3 26. Nb1 Ra6 27. Nd2 Ra4 28. Qc3
Qa8 29. Nxb3 g5 30. Ra1 Rxa1 31. Rxa1 Qc8 32. Bh5 Rf8 33. Re1 Kg8 34. Bf3 Rf7
35. Qd4 Qf8 36. c5 g4 37. hxg4 fxg4 38. Bd1 h5 39. Na5 Bc8 40. Bb3 Rg7 41. Bc4
g3 42. f3 Rh7 43. Qf4 h4 44. Qg5+ Kh8 45. c6 b6 46. Nb3 Rh6 47. Qe3 1/2-1/2

[Event "Open A Carnevale"]
[Site "Milano ITA"]
[Date "2015.02.19"]
[Round "2"]
[White "Nordio, Giorgio"]
[Black "Mazzoccoli, Simone"]
[WhiteElo "1863"]
[BlackElo "1735"]
[Result "0-1"]
[PlyCount "96"]
[EventDate "2015.02.18"]

1. c4 g6 2. g3 Bg7 3. Bg2 e5 4. Nc3 d6 5. e4 Nc6 6. Nge2 Nge7 7. O-O O-O 8. d3
Bd7 9. Be3 Nd4 10. f4 Qc8 11. Rf2 f5 12. Qd2 fxe4 13. Nxe4 Nef5 14. Rc1 Nxe3
15. Qxe3 Nxe2+ 16. Qxe2 exf4 17. Rxf4 Rxf4 18. gxf4 Bh3 19. Ng3 Bxg2 20. Qxg2
Qe6 21. Rf1 Qe3+ 22. Kh1 c6 23. Qh3 Rf8 24. Qd7 Rxf4 25. Qxd6 Rxf1+ 26. Nxf1
Qf2 27. Qe6+ Qf7 28. Qxf7+ Kxf7 29. b3 Ke6 30. Kg2 Ke5 31. Kf3 Kd4 32. Ke2 Kc3
33. Ke3 c5 34. Ke4 Kb2 35. Nd2 Bh6 36. Nf3 Kxa2 37. b4 cxb4 38. Nd4 Bg7 39. Ne2
b3 40. d4 b2 41. Nc3+ Kb3 42. Kd3 a5 43. Nb1 a4 44. d5 a3 45. d6 a2 46. Nd2+
Kb4 47. d7 b1=Q+ 48. Ke2 Bf6 0-1

[Event "Open A Carnevale"]
[Site "Milano ITA"]
[Date "2015.02.19"]
[Round "2"]
[White "Pelizzola, Danilo"]
[Black "Blasco, Domenico"]
[WhiteElo "2053"]
[BlackElo "1879"]
[Result "1-0"]
[PlyCount "161"]
[EventDate "2015.02.18"]

1. e4 g6 2. d4 Bg7 3. g3 c5 4. Nf3 cxd4 5. Nxd4 Nc6 6. Be3 Nf6 7. Bg2 O-O 8.
Nc3 d6 9. h3 Bd7 10. O-O Nxd4 11. Bxd4 Qc8 12. Kh2 Qc4 13. Be3 Bc6 14. Qd3 Qxd3
15. cxd3 Nd7 16. Rac1 Rfc8 17. Rfd1 b6 18. h4 Ne5 19. Bh3 Bd7 20. Bxd7 Nxd7 21.
Kg2 h5 22. Nd5 Kf8 23. d4 e5 24. Nc7 Rab8 25. d5 Nc5 26. Nb5 Nxe4 27. Nxa7 Rxc1
28. Rxc1 Nf6 29. Nc8 Nxd5 30. Bd2 e4 31. Nxd6 Bxb2 32. Rc2 Bd4 33. Nxe4 Ra8 34.
Bh6+ Bg7 35. Bxg7+ Kxg7 36. Rb2 Ra4 37. Nd6 Kf6 38. Rb5 Ke6 39. Nxf7 Kxf7 40.
Rxd5 Rxa2 41. Rb5 Ra6 42. Kf3 Kg7 43. Rb4 Kf7 44. Kf4 Kg7 45. Ke5 Ra2 46. f3
Re2+ 47. Kf4 Re6 48. Rb3 Kf6 49. Rb5 Rc6 50. Ke4 Kf7 51. Kd4 Kg7 52. Rb3 Kf7
53. Kd5 Rf6 54. f4 Rf5+ 55. Kd6 b5 56. Re3 Rf6+ 57. Kc5 Rf5+ 58. Kc6 Kf6 59.
Kd6 Kf7 60. Re7+ Kf8 61. Rb7 Rf6+ 62. Ke5 Rf5+ 63. Ke6 Kg8 64. Kd6 Kf8 65. Kc6
Kg8 66. Rxb5 Rxb5 67. Kxb5 Kf7 68. Kc5 Ke6 69. Kd4 Kf5 70. Ke3 Kg4 71. Kf2 Kf5
72. Kf3 Ke6 73. Ke4 Kf6 74. f5 gxf5+ 75. Kf4 Ke6 76. Kg5 Ke5 77. Kxh5 Kf6 78.
Kh6 f4 79. gxf4 Kf5 80. Kg7 Kxf4 81. h5 1-0

[Event "Open A Carnevale"]
[Site "Milano ITA"]
[Date "2015.02.19"]
[Round "2"]
[White "Podetti, Davide"]
[Black "Motola, Jacopo"]
[WhiteElo "1976"]
[BlackElo "2217"]
[Result "0-1"]
[PlyCount "56"]
[EventDate "2015.02.18"]

1. e4 Nf6 2. e5 Nd5 3. d4 d6 4. Bc4 Nb6 5. Bb3 dxe5 6. Qh5 e6 7. dxe5 a5 8. a3
a4 9. Ba2 Nc6 10. Nf3 Ra5 11. Bd2 Rb5 12. Bc3 g6 13. Qg4 Bg7 14. Qe4 Nd5 15.
Bxd5 Rxd5 16. O-O b5 17. Nbd2 O-O 18. Qf4 g5 19. Nxg5 Nxe5 20. Nde4 f5 21. Ng3
Ng6 22. Qc1 Bxc3 23. bxc3 f4 24. N3e4 Rxg5 25. Nxg5 Qxg5 26. Qd2 Bb7 27. f3 Ne5
28. Qe2 Bd5 0-1

[Event "Open A Carnevale"]
[Site "Milano ITA"]
[Date "2015.02.19"]
[Round "2"]
[White "Vezzosi, Paolo"]
[Black "D'Alfonso, Nicola"]
[WhiteElo "2331"]
[BlackElo "2022"]
[Result "1/2-1/2"]
[PlyCount "85"]
[EventDate "2015.02.18"]

1. d4 Nf6 2. Nf3 d6 3. Nc3 Nbd7 4. e4 e5 5. Bc4 Be7 6. O-O O-O 7. a4 c6 8. Re1
Qb6 9. a5 Qc7 10. Be3 h6 11. Nh4 exd4 12. Bxd4 Ne5 13. Ba2 Nh7 14. Bxe5 dxe5
15. Ng6 Re8 16. Nxe7+ Rxe7 17. Re3 Ng5 18. Qh5 Be6 19. h4 Nh7 20. Rg3 Kf8 21.
Bxe6 Rxe6 22. a6 b5 23. Rd3 Rd8 24. Rad1 Rxd3 25. Rxd3 Nf6 26. Qd1 Ke7 27. Qe1
Qb6 28. Nd1 Qxa6 29. Qb4+ Ke8 30. Ne3 g6 31. h5 Nxh5 32. Nc4 c5 33. Qxc5 bxc4
34. Ra3 Qc6 35. Qxa7 Kf8 36. Qb8+ Kg7 37. Ra8 Kf6 38. Qd8+ Re7 39. Ra7 Qc5 40.
Ra6+ Kg7 41. Ra8 Kf6 42. Ra6+ Kg7 43. Ra8 1/2-1/2

[Event "Open A Carnevale"]
[Site "Milano ITA"]
[Date "2015.02.20"]
[Round "3"]
[White "Blasco, Domenico"]
[Black "Nordio, Giorgio"]
[WhiteElo "1879"]
[BlackElo "1863"]
[Result "0-1"]
[PlyCount "68"]
[EventDate "2015.02.18"]

1. d4 c6 2. Nf3 d5 3. e3 Nf6 4. c4 Bf5 5. Nc3 e6 6. cxd5 cxd5 7. Ne5 a6 8. a4
Nc6 9. Nxc6 bxc6 10. Bd3 Bxd3 11. Qxd3 c5 12. dxc5 Bxc5 13. O-O O-O 14. Ne2 Qd6
15. Bd2 Rab8 16. Bc3 Rb7 17. Bxf6 gxf6 18. Qc3 Qe7 19. Rfc1 Bd6 20. Rc2 Rfb8
21. Nd4 Be5 22. Qd3 Bxd4 23. Qxd4 Rb4 24. Qc3 Rb3 25. Qc6 a5 26. Rb1 R3b4 27.
h3 Qb7 28. Qxb7 R8xb7 29. b3 Rxa4 30. Rc8+ Kg7 31. Ra8 Ra3 32. Rb2 Rb4 33. Ra7
a4 34. Rc2 axb3 0-1

[Event "Open A Carnevale"]
[Site "Milano ITA"]
[Date "2015.02.20"]
[Round "3"]
[White "D'Alfonso, Nicola"]
[Black "Pelizzola, Danilo"]
[WhiteElo "2022"]
[BlackElo "2053"]
[Result "1-0"]
[PlyCount "83"]
[EventDate "2015.02.18"]

1. Nf3 Nf6 2. b3 d5 3. Bb2 Bf5 4. g3 Nbd7 5. Bg2 e6 6. Nh4 Bg4 7. c4 c6 8. h3
Bh5 9. O-O Bd6 10. d4 g5 11. Nf3 Ne4 12. Nfd2 f5 13. Nxe4 fxe4 14. Qd2 O-O 15.
Ba3 Bxa3 16. Nxa3 Qe7 17. Nc2 Rf7 18. f3 exf3 19. exf3 Raf8 20. Qe3 Bg6 21. Rf2
dxc4 22. bxc4 Nb6 23. Qb3 Qc7 24. Kh2 Bxc2 25. Qxc2 e5 26. Rd1 Rf6 27. Rfd2
exd4 28. Rxd4 Qf7 29. a4 c5 30. Rg4 Rg6 31. a5 h5 32. Re4 Nc8 33. f4 Qg7 34. f5
Rd6 35. g4 Qc7 36. Kh1 Rfd8 37. Rde1 Qd7 38. Qf2 Rd4 39. Qe3 Rxe4 40. Qxg5+ Kf8
41. Bxe4 hxg4 42. Qf6+ 1-0

[Event "Open A Carnevale"]
[Site "Milano ITA"]
[Date "2015.02.20"]
[Round "3"]
[White "Falchi, Claudio"]
[Black "Dimitrov, Gabriel Demetrio"]
[WhiteElo "1852"]
[BlackElo "1800"]
[Result "1/2-1/2"]
[PlyCount "77"]
[EventDate "2015.02.18"]

1. d4 d5 2. Bf4 Nf6 3. e3 c5 4. c3 Nc6 5. Nd2 Qb6 6. Qb3 c4 7. Qc2 g6 8. e4
Nxe4 9. Nxe4 dxe4 10. Bxc4 Bf5 11. Qb3 Qxb3 12. Bxb3 Bg7 13. Ne2 e5 14. dxe5
Nxe5 15. Bxe5 Bxe5 16. Ng3 Bxg3 17. hxg3 O-O 18. Rd1 Rad8 19. Rxd8 Rxd8 20. Ke2
Kg7 21. Bc2 h5 22. Ke3 Kf6 23. Rd1 Rxd1 24. Bxd1 Ke5 25. Bc2 g5 26. b4 Bg6 27.
Bd1 f5 28. f4+ exf3 29. Bxf3 b6 30. Bb7 Bf7 31. a3 b5 32. Ba6 Be8 33. Bb7 Bd7
34. Kd3 Be6 35. Ba6 Bd7 36. Bb7 Be6 37. Ba6 Bd7 38. Bb7 Be6 39. Ba6 1/2-1/2

[Event "Open A Carnevale"]
[Site "Milano ITA"]
[Date "2015.02.20"]
[Round "3"]
[White "Mazzoccoli, Simone"]
[Black "Podetti, Davide"]
[WhiteElo "1735"]
[BlackElo "1976"]
[Result "0-1"]
[PlyCount "82"]
[EventDate "2015.02.18"]

1. e4 e5 2. Nf3 Nc6 3. d4 exd4 4. Nxd4 Bc5 5. Be3 Qf6 6. c3 Nge7 7. Bc4 Ne5 8.
Be2 Qg6 9. O-O d6 10. Bh5 Qxe4 11. Nd2 Qh4 12. Nb5 O-O 13. Bxc5 dxc5 14. Nxc7
Rb8 15. Qe2 N7c6 16. Bf3 Qd8 17. Nd5 Nxf3+ 18. Qxf3 Be6 19. c4 Nd4 20. Qe4 Bxd5
21. Qxd5 Qxd5 22. cxd5 Rbd8 23. Nb3 Rxd5 24. f3 Rfd8 25. Nxd4 Rxd4 26. Rac1 b6
27. Rfe1 Rd2 28. Re7 a5 29. b3 g6 30. Rb7 Rxa2 31. Rxb6 Rdd2 32. g4 Rg2+ 33.
Kh1 Rxh2+ 34. Kg1 Rag2+ 35. Kf1 Rb2 36. Kg1 Rhg2+ 37. Kh1 Rgf2 38. Rb5 Rxf3 39.
Rxa5 Rh3+ 40. Kg1 Rg3+ 41. Kh1 Rxg4 0-1

[Event "Open A Carnevale"]
[Site "Milano ITA"]
[Date "2015.02.20"]
[Round "3"]
[White "Motola, Jacopo"]
[Black "Cerioni, Armando"]
[WhiteElo "2217"]
[BlackElo "1947"]
[Result "1-0"]
[PlyCount "85"]
[EventDate "2015.02.18"]

1. e4 e5 2. Nf3 Nc6 3. d4 exd4 4. Nxd4 Bc5 5. Nxc6 Qf6 6. Qf3 Qxf3 7. gxf3 bxc6
8. Be3 Bxe3 9. fxe3 d6 10. Nc3 Nf6 11. O-O-O O-O 12. Bg2 Re8 13. Rhe1 Bb7 14.
Rd4 c5 15. Ra4 a6 16. Ra5 Re5 17. Re2 Rh5 18. Bf1 Kf8 19. Rd2 Re5 20. Rg2 Rh5
21. Bc4 Rh3 22. Rf2 g5 23. Bf1 Rh6 24. Be2 Rh3 25. Kd2 Re8 26. Ra4 Ra8 27. Bf1
Rh6 28. Ra5 Rd8 29. Bd3 Rh3 30. Bxa6 Ra8 31. Bf1 Rxa5 32. Bxh3 d5 33. exd5 Nxd5
34. Nxd5 Bxd5 35. a3 Ra6 36. e4 Bb7 37. Bf1 Rb6 38. b3 Rd6+ 39. Ke3 Rd1 40. Bc4
Ra1 41. a4 Bc6 42. Rf1 Ra3 43. Kd2 1-0

[Event "Open A Carnevale"]
[Site "Milano ITA"]
[Date "2015.02.20"]
[Round "3"]
[White "Nepi, Ezio"]
[Black "Bisignano, Giuseppe"]
[WhiteElo "1951"]
[BlackElo "1864"]
[Result "1-0"]
[PlyCount "85"]
[EventDate "2015.02.18"]

1. d4 c5 2. d5 d6 3. Nc3 Nf6 4. e4 g6 5. Bb5+ Bd7 6. a4 a6 7. Be2 Bg7 8. Nf3
O-O 9. h3 Qc8 10. O-O b6 11. Bf4 Ne8 12. e5 dxe5 13. Bxe5 Nd6 14. Bxg7 Kxg7 15.
Re1 Ra7 16. Ne5 Rb7 17. Bf3 b5 18. a5 Qc7 19. Qd2 b4 20. Ne4 Bb5 21. Ng4 Nxe4
22. Qh6+ Kg8 23. Bxe4 Qd6 24. Bf3 Nd7 25. Qg5 Re8 26. Nh6+ Kf8 27. Bg4 Bc4 28.
Bxd7 Rxd7 29. Rad1 f6 30. Qe3 Qc7 31. Qe6 Kg7 32. Qf7+ Kxh6 33. Qxe8 Bxd5 34.
Qf8+ Kg5 35. h4+ Kh5 36. Qg7 Kxh4 37. Qh6+ Kg4 38. Rxd5 Rxd5 39. Qh3+ Kg5 40.
g3 h5 41. Qe6 Re5 42. f4+ Kh6 43. fxe5 1-0

[Event "Open A Carnevale"]
[Site "Milano ITA"]
[Date "2015.02.20"]
[Round "3"]
[White "Stergiou, Georgios"]
[Black "Vezzosi, Paolo"]
[WhiteElo "1864"]
[BlackElo "2331"]
[Result "0-1"]
[PlyCount "128"]
[EventDate "2015.02.18"]

1. e4 c5 2. Nf3 Nc6 3. Bb5 Nf6 4. d3 d6 5. Bxc6+ bxc6 6. O-O e5 7. c3 Be7 8.
Re1 Bg4 9. h3 Bh5 10. Nbd2 O-O 11. Nf1 Nd7 12. Ng3 Bg6 13. d4 Qc7 14. dxe5 dxe5
15. c4 Rfd8 16. Qe2 Nf8 17. b3 Ne6 18. Bb2 Nd4 19. Nxd4 cxd4 20. Qd3 a5 21. Nf5
Bf8 22. a4 Rab8 23. Ba3 Bb4 24. Bxb4 Rxb4 25. Rab1 c5 26. Nh4 Rdb8 27. Nf3 R8b6
28. Nd2 h5 29. Qg3 Qe7 30. h4 Kh7 31. Qg5 Qxg5 32. hxg5 h4 33. Kh2 f6 34. gxf6
Rxf6 35. f3 Be8 36. Kh3 g5 37. g4 hxg3 38. Kxg3 Bh5 39. Rh1 Rh6 40. Rh2 Rb7 41.
Rbh1 Kg6 42. Kg2 Rf7 43. Rh3 Rf4 44. Rg3 Rh7 45. Rgh3 g4 46. fxg4 Rxg4+ 47. Rg3
Rxg3+ 48. Kxg3 Rf7 49. Rg1 Rf4 50. Kh3+ Kf6 51. Rg2 Bd1 52. Kg3 Kg5 53. Kh3+
Kh5 54. Kh2 Rh4+ 55. Kg1 Rg4 56. Kf2 Rxg2+ 57. Kxg2 Kg4 58. Kf2 Kf4 59. Ke1 Bc2
60. Ke2 Bxe4 61. Nxe4 Kxe4 62. Kd2 Kf5 63. Kd3 e4+ 64. Ke2 Kf4 0-1

[Event "Open A Carnevale"]
[Site "Milano ITA"]
[Date "2015.02.21"]
[Round "4"]
[White "Bisignano, Giuseppe"]
[Black "Blasco, Domenico"]
[WhiteElo "1864"]
[BlackElo "1879"]
[Result "0-1"]
[PlyCount "36"]
[EventDate "2015.02.18"]

1. e4 g6 2. d4 Bg7 3. Nf3 d6 4. Nc3 a6 5. Bc4 e6 6. O-O Ne7 7. Bg5 h6 8. Be3
Nd7 9. Re1 b5 10. Bb3 Bb7 11. Qd2 b4 12. Ne2 Bxe4 13. Nf4 O-O 14. Nd3 Bxf3 15.
gxf3 Nf5 16. Nxb4 Qh4 17. c3 Qh3 18. Nd3 Nh4 0-1

[Event "Open A Carnevale"]
[Site "Milano ITA"]
[Date "2015.02.21"]
[Round "4"]
[White "Cerioni, Armando"]
[Black "D'Alfonso, Nicola"]
[WhiteElo "1947"]
[BlackElo "2022"]
[Result "0-1"]
[PlyCount "54"]
[EventDate "2015.02.18"]

1. d4 Nf6 2. c4 d6 3. f4 Bf5 4. Nc3 e6 5. Nf3 c6 6. Nh4 Ne4 7. Nxf5 exf5 8.
Nxe4 fxe4 9. e3 Nd7 10. Qg4 g6 11. Bd2 f5 12. Qg3 Be7 13. h4 d5 14. O-O-O Nb6
15. Ba5 Qc8 16. h5 Kf7 17. c5 Nd7 18. Be2 b6 19. Bc3 Bf6 20. Rh2 bxc5 21. Rdh1
c4 22. hxg6+ hxg6 23. Rxh8 Bxh8 24. Rh7+ Bg7 25. Bxc4 dxc4 26. d5 Nf6 27. Qg5
Nxh7 0-1

[Event "Open A Carnevale"]
[Site "Milano ITA"]
[Date "2015.02.21"]
[Round "4"]
[White "Dimitrov, Gabriel Demetrio"]
[Black "Mazzoccoli, Simone"]
[WhiteElo "1800"]
[BlackElo "1735"]
[Result "1/2-1/2"]
[PlyCount "153"]
[EventDate "2015.02.18"]

1. e4 c5 2. Nf3 Nc6 3. d4 cxd4 4. Nxd4 g6 5. Nc3 Bg7 6. Be3 Nf6 7. Bc4 O-O 8.
O-O Nxe4 9. Nxe4 d5 10. Nxc6 bxc6 11. Bd3 dxe4 12. Bxe4 Qc7 13. c3 Rb8 14. Rb1
Be6 15. Qa4 Bd5 16. Bxd5 cxd5 17. Qxa7 Qxa7 18. Bxa7 Ra8 19. Bc5 Rxa2 20. Bxe7
Rb8 21. Bb4 d4 22. Rfd1 dxc3 23. bxc3 Rc8 24. Rbc1 Bh6 25. Ra1 Rc2 26. Kf1 Bg7
27. Rac1 Rb2 28. Re1 Bh6 29. Rb1 Ra2 30. Re2 Ra4 31. Rc2 Bf8 32. Bxf8 Kxf8 33.
Ke2 Ke7 34. Rd1 Ke6 35. Rd3 Ke5 36. Kd2 Ke6 37. Rd4 Ra3 38. Kd3 Ke5 39. Re2+
Kf6 40. Rf4+ Kg7 41. Rc2 Kf8 42. Rc4 Rd8+ 43. Rd4 Rc8 44. Rd5 Ke7 45. Kd4 Ra4+
46. c4 Ke6 47. Re2+ Kf6 48. Rd6+ Kg7 49. Rc2 Kf8 50. Kd5 Ra1 51. Rc6 Rd1+ 52.
Kc5 Rb8 53. Rc7 Re1 54. Rd2 Re5+ 55. Kc6 Re6+ 56. Rd6 Rb6+ 57. Kxb6 Rxd6+ 58.
Rc6 Rd2 59. Rf6 Ke7 60. Rf3 Rb2+ 61. Kc7 Rc2 62. Rf4 f5 63. h4 Ke6 64. Kc6 Ke5
65. g3 h6 66. c5 g5 67. hxg5 hxg5 68. Rf3 Ke4 69. Ra3 Rxf2 70. Kd6 Rd2+ 71. Ke6
f4 72. gxf4 gxf4 73. Ra4+ Ke3 74. c6 f3 75. c7 Rc2 76. Kd7 f2 77. Ra1 1/2-1/2

[Event "Open A Carnevale"]
[Site "Milano ITA"]
[Date "2015.02.21"]
[Round "4"]
[White "Nordio, Giorgio"]
[Black "Stergiou, Georgios"]
[WhiteElo "1863"]
[BlackElo "1864"]
[Result "1/2-1/2"]
[PlyCount "67"]
[EventDate "2015.02.18"]

1. c4 Nf6 2. g3 g6 3. Bg2 Bg7 4. Nf3 O-O 5. O-O d6 6. Nc3 Nc6 7. d3 e5 8. Rb1
a5 9. a3 h6 10. b4 axb4 11. axb4 Be6 12. b5 Ne7 13. Qb3 Qd7 14. Rd1 Bh3 15. Ne1
Bxg2 16. Kxg2 Nh5 17. Nc2 Kh8 18. Nb4 f5 19. Nbd5 Nxd5 20. Nxd5 f4 21. Rf1 Rf7
22. Bd2 Raf8 23. f3 Nf6 24. Nxf6 Bxf6 25. g4 Bh4 26. Qd1 h5 27. h3 hxg4 28.
hxg4 Rh7 29. Be1 Bg5 30. Bf2 Rff7 31. Qa4 Kg7 32. Rh1 Kf6 33. Qa1 Ke6 34. Rbd1
1/2-1/2